Biotecnologia, biodireito e sad︢e Novas fronteiras da cin̊cia jurd̕ica / Volumen 2

Bibliographic Details
Main Author: Caldas do Rego Dabus Maluf, Adriana
Other Authors: Skorkowski, Alan, Wanderley Cavalcanti, Ana Elizabeth, Ferrara Junior, Carlos, Bergstein,, Gilberto, Rocha Garcia, Lara
Format: eBook
Language:Portuguese
Published: San Pablo: Editora Foco, 2019
Subjects:
Online Access:Acceso restringido

MARC

LEADER 00000nam a22000007a 4500
005 20210907014246.0
007 cr|||| ||||
008 210907s2019 br |||||s|||| 00||0 por d
020 |a 978-85-8242-367-7 
035 |a 35143 
040 |a vLex 
090 |c 12285  |d 12285 
100 1 |a Caldas do Rego Dabus Maluf, Adriana 
245 1 0 |a Biotecnologia, biodireito e sad︢e  |h [Recurso electrn̤ico] :  |b Novas fronteiras da cin̊cia jurd̕ica /  |c Adriana Caldas do Rego Dabus Maluf, Alan Skorkowski, Ana Elizabeth Wanderley Cavalcanti, Carlos Ferrara Junior, Gilberto Bergstein, Lara Rocha Garcia  |n Volumen 2 
256 |a Servicio en ln̕ea 
260 |a San Pablo:  |b Editora Foco,  |c 2019 
300 |a 1 recurso electrn̤ico 
506 1 |a Disponible solo en los productos indicados  |d vLex Global  |d vLex Global (Academic Edition, excluding Law Schools)  |d vLex Global (U.S. Academic Edition, Law Schools)  |d vLex Global (U.S. Academic Edition, excluding Law Schools)  |d vLex Global (Academic Edition, Law Schools) 
650 0 4 |a Ciencias sociales  |z Brasil 
700 1 |a Skorkowski, Alan 
700 1 |a Wanderley Cavalcanti, Ana Elizabeth 
700 1 |a Ferrara Junior, Carlos 
700 1 |a Bergstein,, Gilberto 
700 1 |a Rocha Garcia, Lara 
740 0 |a vLex Libros (Servicio en ln̕ea) 
856 4 0 |u https://app.vlex.com/#/sources/35143  |z Acceso restringido 
942 |c BOOK 
999 0 |a Social Sciences